Trouve la compo : OM 0 - 3 Atletico Madrid Final Europa league - Statistiques

Statistiques générales
  • Ce quiz a été pris 327 fois
  • Le résultat moyen est 21 sur 32
Statistiques - réponses
Poste Nationalité Joueur % Correct
Gardien de but France Steve Mandanda
96%
Buteur France Antoine Griezmann
92%
Milieu offensif France Dimitri Payet
90%
Gardien de but Slovénie Jan Oblak
89%
Buteur Grèce Kóstas Mítroglou
87%
Ailier droit France Florian Thauvin
84%
Défenseur central Uruguay Diego Godín
82%
Buteur France Valère Germain
82%
Milieu gauche Espagne Koke Resurrección
79%
Défenseur droit Sénégal Bouna Sarr
78%
Atletico Madrid Compo : 4 4 2 Atletico Madrid
73%
Remplaçant rentréen jeu Atletico Madrid
73%
Défenseur central Uruguay José María Giménez
73%
Défenseur gauche France Lucas Hernandez
73%
Ailier gauche Argentine Lucas Ocampos
73%
Olympique de Marseille Compo : 4 2 3 1 Olympique de Marseille
73%
Remplaçant rentréen jeu Olympique de Marseille
73%
Défenseur central France Adil Rami
69%
Ailier gauche Cameroun Clinton Njie
63%
Milieu défensif Ghana Thomas Partey
63%
Défenseur central Brésil Luis Gustavo
60%
Milieu droit Argentine Ángel Correa
59%
Défenseur gauche France Jordan Amavi
59%
Milieu défensif Cameroun André-Frank Zambo Anguissa
57%
Buteur Espagne Diego Costa
50%
Milieu central France Maxime Lopez
50%
Milieu défensif France Morgan Sanson
47%
Milieu central Espagne Gabi
43%
Buteur Espagne Fernando Torres
42%
Milieu central Espagne Saúl Ñíguez
42%
Défenseur droit Espagne Juanfran
38%
Défenseur droit Croatie Šime Vrsaljko
37%
Aucun quiz correspondant
Distribution des résultats
% des personnes avec chaque résultat
Percentile par nombre de réponses
Votre historique - résultats
Vous n’avez pas pris ce quiz